00862nam a2200241 a 4500001001000000005001700010008004100027020001500068041000800083044000700091050002500098100003000123245011500153260003400268300003200302500009200334504003100426650003000457650005000487650002400537650002100561700003800582BRCA_133320190320203359.0980608s1994 mx-a---##b---#000-0#spa-d a9686510214 aspa amx 4aNK9924.M4b.A76 19941 aArmella de Aspe, Virginia10aLabores de ebanistería en la Nueva EspañacVirginia Armella de Aspe ; prólogo Guillermo Tovar de Teresa. aMéxicobGrupo GUTSAc[1994] a174 p.bil. a colorc29 cm. aIncluye piezas de la colección Franz Mayer: p. 19, 23, 28, 32, 44, 49, 109, 112 y 145 aBibliografía: p. 171-17414aMarquetería novohispana14aTalla en maderayColonia, 1521-1821zMéxico14aTaracea novohispana14aLaca novohispana1 aTovar de Teresa, Guillermod1956-